000
00274nam a2200121Ia 4500
005
20251222143110.0
008
251222s9999||||xx |||||||||||||| ||spa||
082
_a
869.56/H43N
100
_a
Hernandez, Enrique
245
0
_a
El Numerélogo
264
_b
Carran
942
_c
LIB
999
_c
11139
_d
11139